01268nam a2200253 a 450000100060000000300090000600800410001502000150005604000280007108200180009910000460011724500470016326000480021030000110025849000300026950502900029959000590058965000180064865000180066694200120068499900170069695201680071395201330088114967CO-ViMGA141112s2004 ck r 000 u spa d a9686177396 aCO-ViMGAbspacCO-ViMGA04a150.1952 A7731 aArregui, Martha; Saslavsky, Martha92168710aEl detective de la mente : bSigmund Freud aBogotá, cColciencias - Alfaomega, c2001 a111.p. aViajeros del conocimiento aRepresión - Sexualidad infantil - Autoerotismo - Fases del desarrollo de la organización sexual - Organización pregenital - Actos fallidos - Psicopatología de la vida cotidiana - Olvido de nombres propios - Interpretación de los sueños - Complejo de Edipo - El inconsciente aForma de adquisición : donacion - - Precio : 10.00014aFREUD SIGMUND14aPSICOANALISIS 2ddccBK c25406d25406 00102ddc40708002aMEVIECARbMEVIECARd2015-12-04hVolumen. 1 | 11/jun/2009l1m1o150.1952 A773 p14967r2018-06-07 00:00:00s2018-05-21tEj. 1w2015-12-04yBK 00102ddc40708GENaMEPLOPEZbMEPLOPEZcGENd2025-08-30l0o150.1952 A773pPLZ03046r2025-08-30 14:58:20tEj.1w2025-08-30yBK